Religion Quiz

Random Religion Quiz
Score 0/23 Timer 10:00
0 Plays Today
Hint Answer % Correct
The Ordering of the Mass 1Penitential Rite
94.7%
The Ordering of the Mass ILiturgy of the Word
89.5%
The Ordering of the Mass 2Kyrie eleison
89.5%
The Ordering of the Mass 4 Readings
89.5%
The Ordering of the Mass 3 Gloria
84.2%
The Ordering of the Mass 4.1First Reading
78.9%
The Ordering of the Mass 4.2 Responsorial Psalm
78.9%
The Ordering of the Mass 4.3Second Reading
78.9%
The Ordering of the Mass 6 Homily
78.9%
The Ordering of the Mass 7 Credo
78.9%
The Ordering of the Mass 5 Alleluia
68.4%
The Ordering of the Mass 4.4Gospel Reading
68.4%
Hint Answer % Correct
The Ordering of the Mass II Liturgy of the Eucharist
52.6%
The Ordering of the Mass 3 Sanctus
52.6%
The Ordering of the Mass 2 Eucharistic Prayer
47.4%
The Ordering of the Mass 4The Lord's Prayer
42.1%
The Ordering of the Mass 1 The Offertory Prayers
36.8%
The Ordering of the Mass 5The Sign of Peace
36.8%
The Ordering of the Mass 6 Agnus Dei
31.6%
The Ordering of the Mass 9.The Blessing & Dismissal
26.3%
The Ordering of the Mass 8 Distribution of the Eucharist
15.8%
The Ordering of the Mass 7The prayer & cleansing of the chalice, and the concluding prayers
0%
The Ordering of the Mass 9.1Congregation responds: 'Thanks be to God'
0%
Remove Ads.
Support Sporcle.
Get the best of Sporcle when you Go Orange. This ad-free experience offers more features, more stats, and more fun while also helping to support Sporcle. Thank you for becoming a member.

You're not logged in!

Compare scores with friends on all Sporcle quizzes.
OR
Log In

Show Comments

Extras

Created Sep 23, 2019ReportNominate
Tags:mass

Top Quizzes Today


Score Distribution

Your Account Isn't Verified!

In order to create a playlist on Sporcle, you need to verify the email address you used during registration. Go to your Sporcle Settings to finish the process.

Report this User

Report this user for behavior that violates our Community Guidelines.

Details: